000 01028nam0a22002771 4500
001 rc\422167
005 20250621081156.0
035 _a(NLR Aleph) 005669597
090 _a6959807
_c6959807
100 _a20030616d1987 |||y0rusy50 ca
101 0 _arus
102 _aRU
105 _ay |||||||||
200 1 _aВстречи-1
_dBegegnungen-1
_eГраммат. и лексич. справ. к учеб. рус. яз.
_fФ. Деннингхауз, Б. Шубик
210 _aМ.
_cРус. яз.
_aДюссельдорф
_cБрюкенферлаг
_d1987
215 _a268, [1] с.
_d21
300 _aОбл.: нем.: Begegnungen-1: Grammatisches und lexifalisches Beiheft zum Lehrbuch der russi schen sprache / F. Denninghaus, B. ubik
510 0 _aBegegnungen-1
512 0 _aBegegnungen-1
700 1 _aДеннингхаус
_bФ.
_f1928-
_gФридхельм
701 1 _aШубик
_bБ.
_gБарбара
801 0 _aRU
_bNLR
_gpsbo
801 1 _aRU
_bELAR
_2rusmarc
852 _aNLR
_j87-5/4341
942 _cBOOK
980 _aNB